Κατάλογος Βιβλιοθηκών Mediterranean College

Εισαγωγή στις Ευρωπαϊκές Σπουδές / Οικονομική Ολοκλήρωση και Πολιτικές το Ρυθμιστικό Πλαίσιο. (Record no. 1359)

MARC details
000 -LEADER
fixed length control field 02194cam a22002054a 4500
005 - ΗΜΕΡΟΜΗΝΙΑ ΚΑΙ ΩΡΑ ΤΕΛΕΥΤΑΙΑΣ ΕΝΗΜΕΡΩΣΗΣ
Πεδίο ελέγχου 20250605164006.0
008 - FIXED-LENGTH DATA ELEMENTS--GENERAL INFORMATION
Πεδίο ελέγχου σταθερού μήκους 250528s ||||||||||||||||||||||||d
035 ## - SYSTEM CONTROL NUMBER
System control number 15808
020 ## - ISBN
ISBN 9600803757
040 ## - ΠΗΓΗ ΚΑΤΑΛΟΓΟΓΡΑΦΗΣΗΣ
Φορέας πρωτότυπης καταλογογράφησης MC Athens Campus Library
Γλώσσα καταλογογράφησης Ελληνικά, Μοντέρνα (1453-)
Modifying agency MC Athens Campus Library
Κανόνες περιγραφικής καταλογογράφησης AACR2
245 1# - ΤΙΤΛΟΣ ΚΑΙ ΔΗΛΩΣΗ ΥΠΕΥΘΥΝΟΤΗΤΑΣ
Τίτλος Εισαγωγή στις Ευρωπαϊκές Σπουδές / Οικονομική Ολοκλήρωση και Πολιτικές το Ρυθμιστικό Πλαίσιο.
Number of part/section of a work Τόμος Γ'
250 ## - EDITION STATEMENT
Edition statement
260 ## - PUBLICATION, DISTRIBUTION, ETC.
Name of publisher, distributor, etc. Ελληνική Πανεπιστημιακή Ένωση Ευρωπαϊκών Σπουδών
-- Ένωση Ελληνικών Τραπεζών,
Date of publication, distribution, etc. 2006
300 ## - PHYSICAL DESCRIPTION
Extent 712
520 ## - SUMMARY, ETC.
Summary, etc. Πρόλογος, Το Ρυθμιστικό Πλαίσιο της Ενιαίας Αγοράς, Οι Θεμελιώδεις Ελευθερίες, Πολιτική Ανταγωνισμού Ι: Ο Έλεγχος της Συμπεριφοράς των Επιχειρήσεων, Πολιτική Ανταγωνισμού ΙΙ: Ο Έλεγχος των Κρατικών Ενισχύσεων, Το Ευρωπαϊκό Δίκαιο των Δημοσίων Συμβάσεων, Ο Ενιαίος Χρηματοπιστωτικός Χώρος, Το Ρυθμιστικό Πλαίσιο των Οικονομικών Πολιτικών, Το Θεσμικό και Κανονιστικό Πλαίσιο της Ο.Ν.Ε., Ο Νέος Μηχανισμός Στήριξης του Γεωργικού Εισοδήματος, Τα Διαρθρωτικά Ταμεία, Η Κοινή Πολιτική Μεταφορών, Πολιτικές Διασφάλισης Ατομικών Δικαιωμάτων και Ποιότητας Ζωής, Ευρωπαϊκή Κοινωνική Πολιτική, Η Ευρωπαϊκή Πολιτική Περιβάλλοντος Ι: Νομικές Βάσεις, Η Προστασία της Διανοητικής Ισιοκτησίας, Πολιτισμός και Πολιτιστική Πολιτική, Η Πολιτική της Ευρωπαϊκής Ένωσης για τα ΜΜΕ.
700 1# - ΠΡΟΣΘΕΤΗ ΑΝΑΓΡΑΦΗ--ΦΥΣΙΚΟ ΠΡΟΣΩΠΟ
Personal name Στεφάνου Κωνσταντίνος Α
9 (RLIN) 1803
942 ## - ADDED ENTRY ELEMENTS (KOHA)
Koha item type Books
Holdings
Τύπος τεκμηρίου Βιβλιοθήκη Τρέχουσα τοποθεσία Barcode Αριθμός εισαγωγής Ημερομηνία απόκτησης Ταξιθετικό σύμβολο Αριθμός αντιτύπου Κατάσταση απόσυρσης Κατάσταση χαμένου Κατάσταση κατεστραμμένου Μη δανεισμός Σύνολο δανεισμών Ημερομηνία τελευταίας εμφάνισης Η τιμή ισχύει από
Books MC Athens Campus Library MC Athens Campus Library 9780000013583 2189 05/06/2025 337.142 STE V.C 2           05/06/2025 05/06/2025

MC Athens Campus Library
Πατησίων 94 & Κοδριγκτώνος 13, 104 34
Πελλήνης 8 & Πατησίων 107, 112 51
Τ: +30 210 8899600

MC Thessaloniki Campus Library
Ίωνος Δραγούμη 21, 54625 | Ίωνος Δραγούμη 15, 54625
Τ: +30 2310 287779 – Τ: +30 2314 440300